<?xml version="1.0" encoding="UTF-8"?>
<collection xmlns="http://www.loc.gov/MARC21/slim">
  <record>
    <leader>00000nam  2200000   4500</leader>
    <controlfield tag="001">INLIS000000000000486</controlfield>
    <controlfield tag="005">20180724135132</controlfield>
    <controlfield tag="008">180724|||||||||   |   |||   |||| ||   | </controlfield>
    <datafield tag="035" ind1=" " ind2=" ">
      <subfield code="0">010-0718000486</subfield>
    </datafield>
    <datafield tag="041" ind1=" " ind2=" ">
      <subfield code="a">id</subfield>
    </datafield>
    <datafield tag="082" ind1=" " ind2=" ">
      <subfield code="a">040</subfield>
    </datafield>
    <datafield tag="090" ind1=" " ind2=" ">
      <subfield code="a">R 040 PIM I 2013</subfield>
    </datafield>
    <datafield tag="100" ind1=" " ind2=" ">
      <subfield code="a">Rosalin, Lenny N</subfield>
    </datafield>
    <datafield tag="245" ind1=" " ind2=" ">
      <subfield code="a">Pengembangan  Kabupaten/Kota Layak Anak Untuk Percepatan Pemenuhan Hak Anak</subfield>
    </datafield>
    <datafield tag="250" ind1=" " ind2=" ">
      <subfield code="a">ed.1</subfield>
    </datafield>
    <datafield tag="260" ind1=" " ind2=" ">
      <subfield code="a">Jakarta</subfield>
      <subfield code="b">Lembaga Administrasi Negara</subfield>
      <subfield code="c">2013</subfield>
    </datafield>
    <datafield tag="300" ind1=" " ind2=" ">
      <subfield code="a">33 hlm.; 30 cm.</subfield>
    </datafield>
    <datafield tag="500" ind1=" " ind2=" ">
      <subfield code="a">Anak Indonesia yang berjumlah sekitar sepertiga dari total penduduk Indonesia merupakan SDM masa depan yang berkualitas apabila ditangani dengan optimal sejak usia dini. Konvensi Hak Anak (Convention on the Rights of The Child atau CRC) telah diratifikasi Indonesia melalui Keputusan Presiden No.23 Tahun 2002 tentang Perlindungan Anak. Namun demikian, kemajuan pembangunan anak belum signifikan. Masih banyak anak Indonesia yang belum terpenuhi hak-haknya.</subfield>
    </datafield>
    <datafield tag="650" ind1=" " ind2=" ">
      <subfield code="a">Pengembangan Kabupaten/Kota Layak Anak -- Proyek Perubahan PIM1</subfield>
    </datafield>
  </record>
</collection>
